Enola holmes / directed by Harry Bradbeer ; produce by Mary Parent, Alex Garcia, Ali Mendes, Millie Bobby Brown, Paige Brown ; screenplay by Jack Thorne (Record no. 20852)

000 -LEADER
fixed length control field 01245nam a22002777a 4500
008 - FIXED-LENGTH DATA ELEMENTS--GENERAL INFORMATION
fixed length control field 250527b xxu||||| |||| 00| 0 eng d
040 ## - CATALOGING SOURCE
Original cataloging agency Cagayan State University
050 ## - LIBRARY OF CONGRESS CALL NUMBER
Classification number 791.4372
Item number E593 2020
245 ## - TITLE STATEMENT
Title Enola holmes / directed by Harry Bradbeer ; produce by Mary Parent, Alex Garcia, Ali Mendes, Millie Bobby Brown, Paige Brown ; screenplay by Jack Thorne
260 ## - PUBLICATION, DISTRIBUTION, ETC. (IMPRINT)
Place of publication, distribution, etc United Kingdom,
-- United State ;
Name of publisher, distributor, etc Legendary Pictures,
Date of publication, distribution, etc 2020.
300 ## - PHYSICAL DESCRIPTION
Extent 1 videofile, (ca. 123 mins.) ;
Other physical details sound, color.
520 ## - SUMMARY, ETC.
Summary, etc In the film, Enola travels to London to find her missing mother but ends up on a thrilling adventure, pairing up with a runaway lord as they attempt to solve a mystery that threatens the entire country. In addition to Brown, the film also stars Sam Claflin, Henry Cavill, and Helena Bonham Carter.
546 ## - LANGUAGE NOTE
Language note In English subtitle.
650 ## - SUBJECT ADDED ENTRY--TOPICAL TERM
Topical term or geographic name as entry element Adventure.
650 ## - SUBJECT ADDED ENTRY--TOPICAL TERM
Topical term or geographic name as entry element Crime
650 ## - SUBJECT ADDED ENTRY--TOPICAL TERM
Topical term or geographic name as entry element Drama
650 ## - SUBJECT ADDED ENTRY--TOPICAL TERM
Topical term or geographic name as entry element Mystery
700 ## - ADDED ENTRY--PERSONAL NAME
Personal name Brown, Milley Bobby star.
700 ## - ADDED ENTRY--PERSONAL NAME
Personal name Claflin, Sam star.
700 ## - ADDED ENTRY--PERSONAL NAME
Personal name Cavill, Henry star.
700 ## - ADDED ENTRY--PERSONAL NAME
Personal name Carter, Helena Bonham star.
700 ## - ADDED ENTRY--PERSONAL NAME
Personal name Patridge, Louis star.
700 ## - ADDED ENTRY--PERSONAL NAME
Personal name Nuttgens, Gills cinematography.
700 ## - ADDED ENTRY--PERSONAL NAME
Personal name Bosman, Adams editor.
942 ## - ADDED ENTRY ELEMENTS (KOHA)
Source of classification or shelving scheme
Item type Audio-Visual Materials

No copies available.

Cagayan State University University Library, Carig Campus
Tuguegarao City, Cagayan 3500 | www.csucarig.edu.ph

Powered by Koha